Informe sobre desarrollo humano 1994 /
Guardado en:
| Autor Corporativo: | |
|---|---|
| Formato: | Libro |
| Idioma: | Spanish English |
| Publicado: |
México :
Fondo de Cultura Económica,
1994.
|
| Materias: | |
| Etiquetas: |
Agregar Etiqueta
Sin Etiquetas, Sea el primero en etiquetar este registro!
|
| LEADER | 00771nam a22002175a 4500 | ||
|---|---|---|---|
| 001 | EEO.eeo001925 | ||
| 008 | 101215s1994####mx#####g#####i000#0#spa#d | ||
| 005 | 20151119130317.0 | ||
| 245 | 1 | 0 | |a Informe sobre desarrollo humano 1994 / |c Programa de las Naciones Unidas para el Desarrollo. |
| 260 | |a México : |b Fondo de Cultura Económica, |c 1994. | ||
| 300 | |a xiii, 243 p. ; |c 28 cm. | ||
| 500 | |a Traducción de: Human development report. | ||
| 020 | |a 9681644891 | ||
| 110 | 2 | |a Programa de las Naciones Unidas para el Desarrollo. | |
| 650 | 7 | |a Desarrollo social. |2 Isoc | |
| 650 | 7 | |a Integración social. |2 Isoc | |
| 650 | 7 | |a Desarme. |2 Isoc | |
| 653 | |a Desarrollo humano | ||
| 653 | |a Equidad | ||
| 041 | 1 | |a spa |h eng | |
| 859 | |a AR-BaUEB |b BIB. ECONOMIA - General |h 338.9 |i P943 1994 |p e14436 | ||
